Manažerské rozhodování : cvičebnice s řešenými příklady /

Hlavní autor: Hrůzová, Helena, 1954-
Korporativní autor: Vysoká škola ekonomická v Praze. Podnikohospodářská fakulta
Další autoři: Švecová, Lenka, Richter, Jiří, 1975-
Jazyk: Čeština
Vydáno: Praha : Oeconomica, 2003
Vydání: Vyd. 2. přeprac.
Témata:
Externí odkaz: Digitalizovaný dokument
Fyzický popis: 181 s. ; 25 cm
Knihy
Uloženo v:
LEADER 01826nam a2200421 a 4500
001 000665805
003 CZ BrMZK
005 20090826104923.0
007 ta
008 030410s2003 xr a e p 000 0 cze d
015 |a cnb001246160 
020 |a 80-245-0486-3  |q (brož.) 
035 |a (OCoLC)53262134 
040 |a BOA001  |b cze 
072 7 |a 005  |x Management. Řízení  |2 Konspekt  |9 4 
072 7 |a 37.016  |x Učební osnovy. Vyučovací předměty. Učebnice  |2 Konspekt  |9 22 
080 |a 005  |2 MRF 
080 |a 005.311.6  |2 MRF 
080 |a (075.8)  |2 MRF 
100 1 |a Hrůzová, Helena,  |d 1954-  |7 jn20001227503  |4 aut 
245 1 0 |a Manažerské rozhodování :  |b cvičebnice s řešenými příklady /  |c Helena Hrůzová, Jiří Richter, Lenka Švecová 
250 |a Vyd. 2. přeprac. 
260 |a Praha :  |b Oeconomica,  |c 2003 
300 |a 181 s. ;  |c 25 cm 
500 |a Nad názvem: Vysoká škola ekonomická v Praze, Fakulta podnikohospodářská 
504 |a Obsahuje bibliografii 
521 |a Určeno pro navazující magisterské studium FPH VŠE Praha 
650 0 7 |a management  |7 ph115217  |x úlohy  |2 czenas 
650 0 7 |a rozhodování  |7 ph125259  |x úlohy  |2 czenas 
655 7 |a učebnice vysokých škol  |7 fd133772  |2 czenas 
700 1 |a Švecová, Lenka  |7 xx0000234  |4 aut 
700 1 |a Richter, Jiří,  |d 1975-  |7 xx0000233  |4 aut 
710 2 |a Vysoká škola ekonomická v Praze.  |b Podnikohospodářská fakulta  |7 kn20010709402 
856 4 1 |u http://www.digitalniknihovna.cz/mzk/uuid/uuid:48f88df0-a813-11e2-8b87-005056827e51  |y Digitalizovaný dokument  |x NDK 
910 |a BOA001  |b 3-1116.599 
990 |a BK 
996 6 |b 2610186162  |c 3-1116.599  |l MZK  |r Sklad / do 1 hodiny  |n 2  |p p.v.  |w 000665805  |u 000010  |a 1  |e BOA001  |j MZK50  |s P 
996 7 |b 2610189168  |c 3-1116.599  |l MZK  |r Sklad / do 1 hodiny  |n 28  |p kup  |w 000665805  |u 000020  |a 1  |e BOA001  |j MZK50  |s A